Galatic Hot Dogs: (Record no. 48147)
| 000 -LEADER | |
|---|---|
| fixed length control field | 01098nam a2200169 4500 |
| 020 ## - INTERNATIONAL STANDARD BOOK NUMBER | |
| International Standard Book Number | 9781534478039 |
| 100 ## - MAIN ENTRY--PERSONAL NAME | |
| Personal name | Brallier, Max. |
| 9 (RLIN) | 84216 |
| 245 ## - TITLE STATEMENT | |
| Title | Galatic Hot Dogs: |
| Remainder of title | revenge of the space pirates / |
| Statement of responsibility, etc | Max Brallier. |
| 260 ## - PUBLICATION, DISTRIBUTION, ETC. (IMPRINT) | |
| Place of publication, distribution, etc | New York: |
| Name of publisher, distributor, etc | Aladdin; |
| Date of publication, distribution, etc | 2020. |
| 300 ## - PHYSICAL DESCRIPTION | |
| Extent | 299 p. |
| Other physical details | ill. |
| Dimensions | 21 cm. |
| 520 ## - SUMMARY, ETC. | |
| Summary, etc | "The past and future collide for Cosmoe, Big Humphree, and Princess Dagger! Cosmoe's been taken hostage by space pirate Rami, the same pirate who seized him years earlier, beginning his life in space. As memories of Cosmoe's and Humphree's first days on the Neon Wiener unfold, the danger now is big-time bad ... Just when Cosmoe was getting the hang of this hero thing, he loses the one part of him he can't imagine succeeding without! SMUDGE! It's an epic clash of alien pirates, massive monsters, and everyone in between!"-- |
| 650 ## - SUBJECT ADDED ENTRY--TOPICAL TERM | |
| Topical term or geographic name as entry element | Carnivals. Food trucks. Hot dog stands. Interplanetary voyages |
| Form subdivision | Fiction. |
| 9 (RLIN) | 85899 |
| 655 ## - INDEX TERM--GENRE/FORM | |
| Genre/form data or focus term | Science Fiction. |
| 700 ## - ADDED ENTRY--PERSONAL NAME | |
| Relator code | illustrator. |
| Personal name | Rachel Maguire.. |
| 9 (RLIN) | 85900 |
| 700 ## - ADDED ENTRY--PERSONAL NAME | |
| Relator code | illustrator. |
| Personal name | Nichole Kelley. |
| 9 (RLIN) | 85901 |
| 942 ## - ADDED ENTRY ELEMENTS (KOHA) | |
| Source of classification or shelving scheme | |
| Koha item type | J FIC BOOKS |
| Withdrawn status | Lost status | Source of classification or shelving scheme | Damaged status | Not for loan | Collection code | Home library | Current library | Shelving location | Date acquired | Full call number | Barcode | Date last seen | Price effective from | Koha item type |
|---|---|---|---|---|---|---|---|---|---|---|---|---|---|---|
| SECONDARY | Asian Hope Secondary Library | Asian Hope Secondary Library | Junior Fiction | 01/10/2025 | J FIC BRA | 207409 | 01/16/2026 | 01/10/2025 | J FIC BOOKS |